000 00701nam a22002177a 4500
005 20251108165034.0
008 250721s2002 xx 000 0 ara d
020 _a9953160791
082 1 4 _aط/551.55/بيت
100 1 _aبيتي، كات
_eمؤلف
245 1 0 _aلم أكن أعلم أن الناس يطاردون الأعاصير /
264 1 _aبيروت :
_bدار المجاني،
_c2002.
300 _a31ص..
490 0 _aلم أكن أعلم أن
650 1 7 _aالاعاصير
650 1 7 _aالعواصف المداريه
653 _aناشاون صغار (10-14) سنه
700 1 _aعيسى، ديانا ابي عبود
_eمترجم
942 _2ddc
_cBK
999 _c20604
_d20604